000 00284nam a2200121 a 4500
008 100917s1967|||| d
245 1 0 _aNa bezhviezdnom nebi pštros
100 1 _aDuba, Gyula
260 _bPravda
_aBratislava
_c1967
020 _c11
044 _axo
_cSK
041 _aslo
999 _c10437
_d10437